Olympischer Medaillenspiegel - Tokio 2020 - Statistiken

Allgemein
  • Dieses Quiz wurde 58 mal gespielt
  • Das Durchschnittsergebnis liegt bei 9 aus 10
Antwortstatistiken
Gold Silber Bronze Gesamt Land % Korrekt
10 11 16 37 Deutschland
100%
10 12 11 33 Frankreich
100%
38 32 19 89 China
98%
27 14 17 58 Japan
98%
39 41 33 113 Vereinigte Staaten
96%
10 10 20 40 Italien
89%
20 28 23 71 ROC
87%
22 20 22 64 Großbritannien
82%
17 7 22 46 Australien
80%
10 12 14 36 Niederlande
58%
Keine übereinstimmenden Quizze gefunden
Verteilung der Resultate
Anzahl Personen mit jedem Resultat
Perzentil nach korrekt beantworteten Fragen
Ihre Resultats-Entwicklung
Sie haben dieses Quiz noch nicht gespielt